Phylogenetic relationships of Manihot species revealed by restriction fragment length polymorphism (Record no. 64932)

MARC details
000 -LEADER
fixed length control field 00414nam a2200145Ia 4500
100 ## - MAIN ENTRY--AUTHOR NAME
Personal name Haysom Howard R
245 #0 - TITLE STATEMENT
Title Phylogenetic relationships of Manihot species revealed by restriction fragment length polymorphism
260 ## - PUBLICATION, DISTRIBUTION, ETC. (IMPRINT)
Name of publisher Euphytica
Year of publication 1994
300 ## - PHYSICAL DESCRIPTION
Number of Pages 235-238
650 ## - SUBJECT ADDED ENTRY--TOPICAL TERM
Topical Term RFLP
700 ## - ADDED ENTRY--PERSONAL NAME
Personal name Chan T L Chris
700 ## - ADDED ENTRY--PERSONAL NAME
Personal name Hughes Monica A
942 ## - ADDED ENTRY ELEMENTS (KOHA)
Koha item type Journals
Holdings
Withdrawn status Lost status Damaged status Not for loan Home library Current library Shelving location Date acquired Serial Enumeration / chronology Koha item type
      Journals RRII Library RRII Library RFLP 17/12/2021 Volume 76, Issue 3 Journals